Ремонт самолетов Е-6, Е-6Т и Е-7. Кн. 4: Ремонт систем (Запись № 8021573)

Подробности
000 -МАРКЕР
контрольное поле 01327nam2a22002771 4500
001 - ИДЕНТИФИКАТОР ЗАПИСИ
контрольное поле rc\4932260
005 - ИДЕНТИФИКАТОР ВЕРСИИ
контрольное поле 20250612184555.0
035 ## - ДРУГИЕ СИСТЕМНЫЕ НОМЕРА
Идентификатор записи (NLR Aleph) 008787745
100 ## - ДАННЫЕ ОБЩЕЙ ОБРАБОТКИ
Данные общей обработки 20130426d1964 |||y0rusy50 ca
101 0# - ЯЗЫК РЕСУРСА
Язык текста, звукозаписи и т.д. русский
102 ## - СТРАНА ПУБЛИКАЦИИ ИЛИ ПРОИЗВОДСТВА
Страна публикации Российская Федерация
105 ## - ПОЛЕ КОДИРОВАННЫХ ДАННЫХ: ТЕКСТОВЫЕ МАТЕРИАЛЫ, МОНОГРАФИЧЕСКИЕ
Кодированные данные о монографическом текстовом документе a z |||||
200 1# - ЗАГЛАВИЕ И СВЕДЕНИЯ ОБ ОТВЕТСТВЕННОСТИ
Основное заглавие Ремонт систем
Сведения, относящиеся к заглавию Ч. 1
Первые сведения об ответственности [Авт. инженеры Б.М. Каневский, К.В. Слепнев, А.М. Раппопорт] [и др.]
210 ## - ПУБЛИКАЦИЯ, РАСПРОСТРАНЕНИЕ И ДР.
Дата издания, распространения и т.д. 1964
Место издания, распространения и т.д. Б. м.
215 ## - ФИЗИЧЕСКАЯ ХАРАКТЕРИСТИКА
Специфическое обозначение материала и объем 291 с., 7 л. черт.
Другие сведения о физической характеристике ил.
333 ## - ПРИМЕЧАНИЯ ОБ ОСОБЕННОСТЯХ РАСПРОСТРАНЕНИЯ И ИСПОЛЬЗОВАНИЯ
Текст примечания Продаже не подлежит. Экз. № 7
461 #0 - УРОВЕНЬ НАБОРА
Встроенное поле 001rc\4932254
-- 2001#$aРемонт самолетов Е-6, Е-6Т и Е-7$f[Руководители авт. коллектива К.В. Слепнев, А.М. Раппопорт]. [В 10 кн.]. Кн. 1-$vКн. 4
Системный номер (АБИС) связанной записи 8021536
Место публикации Москва
Дата публикации 1964
Первые сведения об ответственности [Руководители авт. коллектива К.В. Слепнев, А.М. Раппопорт]. [В 10 кн.]. Кн. 1-
Имя издателя, распространителя и т.д. Машиностроение
Заглавие Ремонт самолетов Е-6, Е-6Т и Е-7
Номер тома Кн. 4
701 #1 - ИМЯ ЛИЦА - АЛЬТЕРНАТИВНАЯ ОТВЕТСТВЕННОСТЬ
Начальный элемент ввода Слепнев
Часть имени, кроме начального элемента ввода К.В.
701 #1 - ИМЯ ЛИЦА - АЛЬТЕРНАТИВНАЯ ОТВЕТСТВЕННОСТЬ
Начальный элемент ввода Каневский
Часть имени, кроме начального элемента ввода Б.М.
701 #1 - ИМЯ ЛИЦА - АЛЬТЕРНАТИВНАЯ ОТВЕТСТВЕННОСТЬ
Начальный элемент ввода Раппопорт
Часть имени, кроме начального элемента ввода А.М.
801 #0 - ИСТОЧНИК ЗАПИСИ
Страна Российская Федерация
Организация NLR
Правила каталогизации psbo
801 #1 - ИСТОЧНИК ЗАПИСИ
Страна Российская Федерация
Организация ELAR
Источник данных rusmarc
852 ## - МЕСТОНАХОЖДЕНИЕ И ШИФР ХРАНЕНИЯ
Идентификатор организации NLR
Шифр хранения (Call Number) 64-7/973
942 ## - ДОПОЛНИТЕЛЬНЫЕ ЭЛЕМЕНТЫ ЗАПИСИ (АБИС)
Тип экземпляра АБИС Книга
980 ## - КОЛЛЕКЦИЯ
Название коллекции Национальная библиография
Экземпляры
Тип экземпляра Дата поступления Библиотека постоянного хранения Библиотека текущего хранения Место хранения Шифр хранения Штрих-код Статус экземпляра
Книга 26.10.2013 РНБ (Московский) РНБ (Московский) Русский книжный фонд: издания с 1957 года 64-7/973 1-1506513